Khwan-I-pur Nemat (Record no. 8601)

MARC details
000 -LEADER
fixed length control field 00680nam a2200241 a 4500
020 ## - INTERNATIONAL STANDARD BOOK NUMBER
ISBN
082 00 - DEWEY DECIMAL CLASSIFICATION NUMBER
Classification number 297.4
Author Cutter JAC1
100 ## - MAIN ENTRY--AUTHOR NAME
Author name Jackson, Paul S, J
245 ## - TITLE STATEMENT
Title Khwan-I-pur Nemat
Sub title A Table Laden With Good Thing
260 ## - PUBLICATION, DISTRIBUTION, ETC. (IMPRINT)
Place of publication Delhi
Name of publisher Idarah-I Adabiyat-I Delli
Year of publication 1986
300 ## - PHYSICAL DESCRIPTION
Number of Pages 174p
500 ## - GENERAL NOTE
General note includes index and biblioraphy
505 2# - FORMATTED CONTENTS NOTE
Formatted contents note Papers presented to the islamic studies group of american academy of religion.
650 ## - SUBJECT ADDED ENTRY--TOPICAL TERM
Topical Term Sufism-Malfoozat
942 ## - ADDED ENTRY ELEMENTS (KOHA)
Koha item type Books
700 1# -
-- Jackson, Paul S, J
Holdings
Collection code Home library Current library Date acquired Cost, normal purchase price Full call number Accession Number Koha item type
  Henry Martyn Institute Library Henry Martyn Institute Library 09/08/2011 95.00 297.4 JAC1 014154 Books
                   Copyright © 2026 | Henry Martyn Institute | Hyderabad | TS-500052 | INDIA | Implemented by hmi.edu.in
Hit-Count:

Powered by Koha